Rusyn'skŷj folklorista Mychajlo Hyrjak (27. 11. 1933 - 20. 3. 2007)

Bibliographic Details
Main Authors: Maľcovská, Mária, 1951-2010 (Author), Zozuľák, Alexander, 1953- (Author, Photographer)
Format: Article
Language:Ukrainian
PhysicalDescription:Fotogr.
Subjects:
Online Access:http://narodny-novynky.presov.sk
http://www. rusynacademy.sk

MARC

LEADER 00000nab a2200000 a 4500
001 vtls010569320
003 SK-MaSNL
005 20260318121634.0
008 171110c2013 xo mr p 000 c0ukr
015 |a SNBRB2014/01 
038 |a SVKPOCL 
040 |a SVKPOCL  |b slo  |c SVKPOCL  |e AACR2 
041 0 |a ukr 
044 |a xo  |c SK 
080 |a 80(=16)+908(4)  |2 2001 
080 |a 80(=161.2)+908(437.6)  |2 2001 
080 |a 398-051  |2 2001 
080 |a 378.011.3-051  |2 2001 
080 |a 929 Hirjak, Micha  |2 2001 
080 |a 821.161.2(437.6)-051  |2 2001 
100 1 |a Maľcovská, Mária,  |d 1951-2010  |4 aut  |9 111288 
245 1 0 |a Rusyn'skŷj folklorista Mychajlo Hyrjak (27. 11. 1933 - 20. 3. 2007)  |c [avtorŷ] M. M., A. Z.; fotka: A. Z. 
300 |b Fotogr. 
600 1 7 |a Hirjak, Michal,  |d 1933-2007  |2 svkpocl  |9 192510 
650 0 7 |a osobnosti  |2 snkbucl  |9 29820 
650 0 7 |a folkloristi  |2 svkpocl  |9 59714 
650 0 7 |a slavistika  |2 svkpocl  |9 4282 
650 0 7 |a risinistika  |2 svkpocl  |9 1095322 
650 0 7 |a vysokoškolskí učitelia  |2 svkpocl  |9 66590 
650 0 7 |a osobnosti  |2 svkpocl  |9 29820 
650 0 7 |a ukrajinskí spisovatelia  |2 svkpocl  |9 66678 
651 7 |a Pichne (Slovensko)  |x rodisko  |2 svkpocl  |9 1184581 
651 7 |a Snina (Slovensko : okres)  |2 svkpocl  |9 56337 
651 7 |a Prešov (Slovensko)  |2 svkpocl  |9 17347 
655 7 |a biografie  |2 svkpocl  |9 27965 
655 7 |a články z novín a časopisov  |2 svkpocl  |9 267496 
700 1 |a Zozuľák, Alexander,  |d 1953-  |4 aut  |4 pht  |9 103738 
773 0 |t Narodnŷ novynkŷ  |g Roč. XXIII, č. 11 (2013), s. 3 
852 |a SVKPO  |b KIS3GCP 
856 4 1 |u http://narodny-novynky.presov.sk 
856 4 1 |u http://www. rusynacademy.sk 
958 |a RN 
958 |a UK 
958 |a SK 
958 |a BX 
958 |a SS 
999 |c 3237478  |d 3239408